Highest Paid NFL Players by Position - Statistics

General Stats
  • This quiz has been taken 202 times
  • The average score is 11 of 50
Answer Stats
Position/Rank Salary Cap Hit Answer % Correct
QB $24.2 M Eli Manning
72%
QB $30.0 M Drew Brees
63%
WR $11.88 M Antonio Brown
52%
WR $15.9 M Julio Jones
52%
RB $12.0 M Adrian Peterson
49%
OL $9.74 M Jason Peters
49%
QB $23.95 M Ben Roethlisberger
47%
QB $23.75 M Matt Ryan
47%
DEF $13.95 M Trumaine Johnson
47%
QB $21.0 M Philip Rivers
46%
DEF $14.5 M J.J. Watt
44%
WR $15.2 M Demaryius Thomas
39%
QB $22.5 M Matthew Stafford
39%
QB $22.55 M Joe Flacco
37%
RB $5.5 M Lamar Miller
34%
QB $20.84 M Tony Romo
32%
WR $13.0 M A.J. Green
30%
QB $20.13 M Carson Palmer
29%
QB $19.95 M Kirk Cousins
28%
WR $12.21 M Vincent Jackson
27%
RB $7.68 M LeSean McCoy
26%
DEF $14.77 M Richard Sherman
26%
RB $6.0 M DeMarco Murray
23%
WR $15.85 M Larry Fitzgerald
22%
OL $10.67 M Trent Williams
22%
RB $8.0 M Doug Martin
20%
DEF $17.0 M Darrelle Revis
18%
WR $13.0 M Dez Bryant
17%
DEF $13.75 M Clay Matthews
13%
RB $5.31 M Jamaal Charles
13%
RB $6.0 M C.J. Anderson
9%
RB $9.55 M Jonathan Stewart
8%
WR $12.4 M Jeremy Maclin
6%
OL $10.55 M Maurkice Pouncey
6%
OL $10.03 M Mike Pouncey
6%
RB $5.1 M Darren Sproles
5%
WR $11.0 M Michael Crabtree
5%
WR $14.6 M Alshon Jefferey
4%
DEF $19.1 M Justin Houston
4%
DEF $15.25 M Calais Campbell
3%
DEF $13.4 M Joe Haden
3%
OL $11.1 M Matt Kalil
3%
OL $11.83 M Ryan Kalil
3%
OL $10.32 M Nate Solder
2%
OL $9.8 M Anthony Castonzo
1%
OL $10.15 M Branden Albert
1%
OL $13.2 M Kelechi Osemele
1%
DEF $15.13 M Lawrence Timmons
1%
DEF $14.55 M Marcell Dareus
1%
RB $4.9 M Shane Vereen
1%
No matching quizzes found
Score Distribution
Percent of People with Each Score
Percentile by Number Answered
Your Score History
You have not taken this quiz